| 000 | 00596nam a2200181Ia 4500 | ||
|---|---|---|---|
| 008 | 100920s9999 xx 000 0 und d | ||
| 082 |
_b104296 _a891.43 00 |
||
| 100 | _aपासवान सुकुन. | ||
| 245 | _aटुकडा टुकडा आकाश. | ||
| 260 |
_bपंकज बुक्स , दिल्ली. _c3200 |
||
| 300 |
_a112 _bसाधी |
||
| 365 | _b150 | ||
| 520 | _aहिंदी. | ||
| 630 | _aटुकडा टुकडा आकाश. | ||
| 650 | _aहिंदी. | ||
| 730 | _aटुकडा टुकडा आकाश. | ||
| 942 | _cBOOK | ||
| 999 |
_c744728 _d744725 |
||